| 000 | 00927nam a22001817a 4500 | ||
|---|---|---|---|
| 999 |
_c63485 _d63485 |
||
| 003 | Ge_BSU | ||
| 005 | 20251023145959.0 | ||
| 008 | 251017s1971 ge ||||| |||| 00| 0 geo d | ||
| 041 | _ageo | ||
| 080 | _a631.5/9(479.22) :636(479.22) ღ-58 | ||
| 100 |
_aღვინჯილია, მიხეილ _926052 |
||
| 245 |
_aთავდადებული შრომის ბარაქა : _b[მიწათმოქმედება და მეცხოველეობა რესპუბლიკაში] / _cმიხეილ ღვინჯილია. |
||
| 264 |
_aთბილისი : _b საბჭ. საქართველო, _c1971. |
||
| 300 |
_a75 გვ. ; _b16 სმ. |
||
| 653 | _aმიწათმოქმედება საქართველოში | ||
| 653 | _aმეცხოველეობა საქართველოში | ||
| 942 |
_2udc _cᲬᲘᲒᲜᲘ |
||